000 00857nam a2200253Ia 4500
001 dia_4111
003 CHAP
005 20251015160747.0
008 220117s1985 xx 000 0 und d
010 _a174732
040 _cCHAP
_amxchpua
_erda
090 _aFOLLETO 2442
100 _aRíos Torres, Asunción
_999249
245 _aGuía para cultivar arroz bajo riego en el estado de Nayarit /
_c Asuncion Ríos Torres
260 _aMéxico :
_b INIA, Centro de Investigaciones Agrícolas del Pacífico Norte,
_c1985
300 _a12 p.
500 _aS/c (Folleto para productores, 1)
650 _aArroz
_xCultivo
_9128974
700 _aInstituto Nacional de Investigaciones Agrícolas. México
_9155670
901 _aFOLLETO 2442
902 _aM
905 _a0000001985 mx 0000000000spa00
942 _cFOLL
_2local
999 _c174732
_d174732